000 00843nam a2200229Ia 4500
001 921
003 GE_BSU
008 181216s||||||||xx |||||||||||||| ||und||
010 _a5735702114
040 _cGE_BSU
080 _a349.2
100 _aКиселев,И.Я.
245 _aМеждународный труд. Правовое регулирование труда и социального обеспечения.
245 _bПрактическое пособие.Комментарии. Разьяснения.Рекомендации.
260 _aМосква
260 _bЮристь
260 _c1997
300 _a231стр.
541 _h7л.
653 _aМеждународный труд. Правовое регулирование труда и социального обеспечения
942 _cBK
999 _c35080
_d35080